| 000 | 01123nam a2200277Ia 4500 | ||
|---|---|---|---|
| 999 |
_c3402 _d3402 |
||
| 003 | OSt | ||
| 005 | 20200625174236.0 | ||
| 008 | 191128s1965 ag a fr 000 0 spa d | ||
| 040 |
_aCO-JMCR _cCO-JMCR |
||
| 041 | 1 |
_aspa _hjunio |
|
| 082 | 0 | 4 |
_a335 / _bF596e _223 |
| 100 | 1 |
_aFlek, J., _eautor _96219 |
|
| 245 | 1 | 3 |
_aLa economía en los dos mundos / _cJ. Flek, L. Kruzik, B. Levcik; traductor Floreal Mazía |
| 260 |
_aBuenos Aires : _bCartago, _c1965 |
||
| 300 |
_a412 páginas : _bilustraciones a color ; _c20 cm. |
||
| 505 | 0 | _aLa competencia económica entre el socialismo y el capitalismo, su sustancia, significación y etapas -- Problemas y métodos en la comparación de las economías de los países pertenencientes a uno y otro sistema. | |
| 534 | _pEconomicke Soutezeni Mezi Kapitalismen A Socialismen | ||
| 546 | _aTraducido del Checoslovaco | ||
| 650 | 1 | 4 |
_aSocialismo _96220 |
| 650 | 1 | 4 |
_aCapitalismo _96221 |
| 650 | 1 | 4 |
_aSistemas económicos _96222 |
| 700 | 1 |
_aKruzik, L., _eautor _96223 |
|
| 700 | 1 |
_aLevcik, B., _eautor _96224 |
|
| 700 | 1 |
_aMazía, Floreal, _etraductor _96225 |
|
| 942 |
_2ddc _cBK |
||